Entry Nome pessoal
001 - NÚMERO DE CONTROLE
- campo de controle: 520
003 - IDENTIFICADOR DO NÚMERO DE CONTROLE
- campo de controle: BR-RjBN
005 - DATA E HORÁRIO DA ÚLTIMA TRANSAÇÃO
- campo de controle: 20250315172841.0
008 - CAMPO DE DADOS FIXOS
- campo de controle de tamanho fixo: 990715 acnacab n a aaa
024 7# - OUTRO IDENTIFICADOR PADRÃO
- Número padrão ou código: http://viaf.org/viaf/61589887
- Fonte: VIAF
024 7# - OUTRO IDENTIFICADOR PADRÃO
- Número padrão ou código: http://id.loc.gov/authorities/names/n88675579
- Fonte: LCCN
035 ## - NÚMERO DE CONTROLE DO SISTEMA
- Número de Controle do Sistema: 99071516064280106
040 ## - FONTE DA CATALOGAÇÃO
- Instituição da catalogação original: BR-RjBN
- Idioma da catalogação: por
100 1# - CABEÇALHO--NOME PESSOAL
- Nome pessoal: Castro, Moacir Werneck de,
- Datas associadas ao nome: 1915-2010
- Função do autor por extenso: TRADUTOR
400 1# - REMISSIVA VER--NOME PESSOAL
- Nome pessoal: Werneck de Castro, Moacir
- Datas associadas ao nome: 1915-2010
665 ## - NOTA DE REFERÊNCIA HISTÓRICA
- Histórico de referências: Destacou-se desde cedo no jornalismo, dedicando-se particularmente a temas politicas, culturais e literários.
670 ## - FONTE POSITIVA DOS DADOS
- Citação da fonte positiva dos dados: Trad. de: Shaw, Bernard, 1856-1950. Aventuras de uma negrinha que procurava Deus. 1983.
670 ## - FONTE POSITIVA DOS DADOS
- Citação da fonte positiva dos dados: Seu: A ponte dos suspiros
- Dados encontrados na fonte localizada no subcampo: (d.n.=1915-nasceu no Rio de Janeiro)
670 ## - FONTE POSITIVA DOS DADOS
- Citação da fonte positiva dos dados: Cadstro de trad.
670 ## - FONTE POSITIVA DOS DADOS
- Citação da fonte positiva dos dados: https://pt.wikipedia.org/wiki/Moacir_Werneck_de_Castro 13/03/2017
- Dados encontrados na fonte localizada no subcampo: (nasceu em Barra Mansa, 1915 e faleceu no Rio de Janeiro, 25 de novembro de 2010 ; jornalista, escritor e tradutor brasileiro)
670 ## - FONTE POSITIVA DOS DADOS
- Citação da fonte positiva dos dados: LC Authorities 09/10/2020
670 ## - FONTE POSITIVA DOS DADOS
- Citação da fonte positiva dos dados: https://catalogue.bnf.fr/ark:/12148/cb12181251z 09/10/2020
675 ## - FONTE NEGATIVA DOS DADOS
- Citação da fonte positiva dos dados: Acc. list. 75/83 out.
- Citação da fonte positiva dos dados: Dic. lit. bras.
- Citação da fonte positiva dos dados: Brasil e bras. de hoje